00347pab a2200121 454500008004000000100002600040245006700066260000900133300001700142362000800159650002300167773003500190180718b2010 xxu||||| |||| 00| 0 eng d aBhattacharjea, Aditya aDid Kaldor anticipate the new economic geography? Yes, but ... c2010 ap.1057-1074. aNov aEconomic geography aCambridge Journal of Economics